Social and Political Experiments: Latin America in the 21st Century /
This book focuses on innovative transformations and demands for social and political justice in 21st-century Latin America. The volume surveys how these ongoing shifts have motivated two recent emancipatory tides in several Latin American countries, further developing and giving new momentum to soci...
Other Authors: ,
Format: eBook
Language: English
Published:
Leiden ; Boston :
Brill,
2025.
Series:
Religious Studies, Theology and Philosophy E-Books Online, Collection 2026.
Value Inquiry Book Series ;
410.
Subjects:
Online Access: Login to view Source
Tags: Add Tag
Call Number: PZ7.S588
| LEADER | 02175nam a22005058i 4500 | ||
|---|---|---|---|
| 001 | BRILL9789004732919 | ||
| 003 | nllekb | ||
| 005 | 20250915080724.0 | ||
| 006 | m d | ||
| 007 | cr un uuuua | ||
| 008 | 250606s2025 gw sb 001 0 eng d | ||
| 020 | |a 9789004732919 |q (electronic book) | ||
| 020 | |z 9789004727694 |q (print) | ||
| 024 | 7 | |a 10.1163/9789004732919 |2 DOI | |
| 035 | |z (OCoLC)1509195529 | ||
| 040 | |a NL-LeKB |c NL-LeKB |e rda | ||
| 041 | |a eng | ||
| 050 | 4 | |a PZ7.S588 | |
| 072 | 7 | |a HPS |2 bicssc | |
| 072 | 7 | |a PHI |x 019000 |2 bisacsh | |
| 072 | 7 | |a SOC |x 000000 |2 bisacsh | |
| 082 | 0 | 4 | |a 100 |2 23 |
| 245 | 0 | 0 | |a Social and Political Experiments: Latin America in the 21st Century / |c edited by Marek Hrubec, Dominika Dinušová. |
| 264 | 1 | |a Leiden ; |a Boston : |b Brill, |c 2025. | |
| 264 | 4 | |c ©2025 | |
| 300 | |a 1 online resource (198 pages) : |b illustrations. | ||
| 336 | |a text |b txt |2 rdacontent | ||
| 337 | |a computer |b c |2 rdamedia | ||
| 338 | |a online resource |2 rdacarrier | ||
| 490 | 1 | |a Religious Studies, Theology and Philosophy E-Books Online, Collection 2026 | |
| 490 | 1 | |a Value Inquiry Book Series ; |v 410 | |
| 504 | |a Includes bibliographical references and index. | ||
| 520 | |a This book focuses on innovative transformations and demands for social and political justice in 21st-century Latin America. The volume surveys how these ongoing shifts have motivated two recent emancipatory tides in several Latin American countries, further developing and giving new momentum to social changes previously set in motion. | ||
| 546 | |a English | ||
| 588 | |a Description based on print version record. | ||
| 650 | 0 | |a American studies. | |
| 650 | 0 | |a Philosophy | |
| 700 | 1 | |a Dinušová, Dominika, |e editor. | |
| 700 | 1 | |a Hrubec, Marek, |e editor. | |
| 776 | 0 | 8 | |i Print version: |t Social and Political Experiments: Latin America in the 21st Century. |d Leiden ; Boston : Brill, 2025. |z 9789004727694 |
| 830 | 0 | |a Religious Studies, Theology and Philosophy E-Books Online, Collection 2026. | |
| 830 | 0 | |a Value Inquiry Book Series ; |v 410. | |
| 856 | 4 | |z DOI: |u http://dx.doi.org/10.1163/9789004732919 | |
| 942 | |2 lcc |c EBOOK | ||
| 999 | |c 61169 |d 61169 | ||
